ბათუმის შოთა რუსთაველის სახელმწიფო უნივერსიტეტის ბიბლიოთეკა

მეთოდური მითითებები ლაბორატორიული სამუშაოების ჩასატარებლად ელექტროტექნიკის თეორიულ საფუძვლებსა და ელექტრული წრედების თეორიაში. (ბიბ.ჩანაწერი № 58039)

000 -ლიდერი
ფიქსირებული სიგრძის საკონტროლო ველი 01549nam a22002177a 4500
003 - საკონტროლო ნომრის იდენტიფიკატორი
საკონტროლო ველი Ge_BSU
005 - ბოლო ოპერაციის თარიღი და დრო
საკონტროლო ველი 20210518162613.0
008 - ფიქსირებული სიგრძის მონაცემთა ელემენტები - ზოგადი ინფორმაცია
ფიქსირებული სიგრძის საკონტროლო ველი 210518s1987 ge ||||| |||| 00| 0 geo d
041 ## - ენის კოდი
Language code of text/sound track or separate title geo
080 ## - უნივერსალური ათობითი კლასიფიკაციის ინდექსი
Universal Decimal Classification number 621.3(076.5)(072) მ-46
245 ## - ცნობა სათაურის შესახებ
Title მეთოდური მითითებები ლაბორატორიული სამუშაოების ჩასატარებლად ელექტროტექნიკის თეორიულ საფუძვლებსა და ელექტრული წრედების თეორიაში.
Remainder of title ნაწ. 2 /
Statement of responsibility, etc შემდგ.: პ. მერაბიშვილი, ნ. წივწივაძე და სხვ.
264 ## - წარმოების, გამოცემის, დისტრიბუციის და სხვა ცნობები
გამოცემის, წარმოების, დისტრიბუციის... ადგილი თბილისი,
გამოცემის, წარმოების, დისტრიბუციის... თარიღი 1987.
300 ## - ფიზიკური აღწერა
Extent 142 გვ.
Other physical details 20 სმ.
504 ## - BIBLIOGRAPHY, ETC. NOTE
Bibliography, etc ბიბლიოგრ. გვ. 141
653 ## - INDEX TERM--UNCONTROLLED
Uncontrolled term ელექტროტექნიკის თეორია
653 ## - INDEX TERM--UNCONTROLLED
Uncontrolled term ელექტრული წრედების თეორია
700 ## - ADDED ENTRY--PERSONAL NAME
Personal name მერაბიშვილი, პ.
Relator term შემდგენელი
9 (RLIN) 2765
700 ## - ADDED ENTRY--PERSONAL NAME
Personal name წივწივაძე, ნ.
Relator term შემდგენელი
9 (RLIN) 2771
710 ## - ADDED ENTRY--CORPORATE NAME
Corporate name or jurisdiction name as entry element საქართველოს სსრ უმაღლესი და საშუალო სპეციალური განათლების სამინისტრო.
Subordinate unit საქართველოს პოლიტექნიკური ინსტიტუტი
9 (RLIN) 11834
942 ## - ADDED ENTRY ELEMENTS (KOHA)
Source of classification or shelving scheme
Koha item type წიგნი
ეგზემპლარები
ჩამოწერის სტატუსი დაკარგული ეგზემპლარის სტატუსი კლასიფიკაციის წყარო ან თაროზე გაწყობის სქემა დაზიანების სტატუსი არ გაიცემა მუდმივი მდებარეობა (დაცვის ადგილი) ამჟამინდელი ადგილსამყოფელი თაროზე განთავსების ადგილი შეძენის თარიღი ღირებულება, შესყიდვის ნორმალური ფასი სრული შენახვის შიფრი შტრიხკოდი ბოლო ოპერაციის თარიღი ეგზემპლარის მიმდევრობითი ნომერი (კეტერი?) ფასის ძალაში შესვლის თარიღი ეგზემპლარის სახეობა საჯარო შენიშვნა
          ტექნოლოგიური ფაკულტეტის ბიბლიოთეკა ტექნოლოგიური ფაკულტეტის ბიბლიოთეკა წიგნსაცავი 2021-05-18 4.00 621.3(076.5)(072) მ-46 61339 2021-05-18 61339 2021-05-18 წიგნი 4.00